[Event "European Women's Championship"]
[Site "Vysoke Tatry"]
[Date "2018.04.18"]
[Round "10"]
[White "Voit, Daria"]
[Black "Babiy, Olga"]
[Result "0-1"]
[Board "25"]
[WhiteElo "2388"]
[WhiteTitle "FM"]
[WhiteCountry "RUS"]
[WhiteFideId "4182146"]
[WhiteEloChange "-12"]
[BlackElo "2318"]
[BlackTitle "WGM"]
[BlackCountry "UKR"]
[BlackFideId "14117258"]
[BlackEloChange "12"]

1. d4 {[%clk 1:29:33]} d5 {[%clk 1:30:54]} 2. Nf3 {[%clk 1:30:00]} Nf6 {[%clk
1:31:14]} 3. g3 {[%clk 1:30:25]} b5 {[%clk 1:29:58]} 4. a4 {[%clk 1:30:10]} b4
{[%clk 1:29:51]} 5. Bg2 {[%clk 1:28:08]} e6 {[%clk 1:29:32]} 6. Bg5 {[%clk
1:26:28]} c5 {[%clk 1:20:00]} 7. Nbd2 {[%clk 1:25:29]} Bb7 {[%clk 1:16:19]} 8.
Ne5 {[%clk 1:17:34]} cxd4 {[%clk 1:12:19]} 9. Nb3 {[%clk 1:15:31]} h6 {[%clk
1:06:49]} 10. Bc1 {[%clk 1:07:30]} Qc7 {[%clk 1:00:41]} 11. f4 {[%clk 1:03:27]}
Bd6 {[%clk 0:54:37]} 12. Nf3 {[%clk 1:00:55]} O-O {[%clk 0:54:19]} 13. Nfxd4
{[%clk 1:00:56]} a6 {[%clk 0:53:53]} 14. O-O {[%clk 1:00:31]} Nbd7 {[%clk
0:52:07]} 15. Bd2 {[%clk 0:54:11]} Ne4 {[%clk 0:48:39]} 16. Bxe4 {[%clk 0:44:25]}
dxe4 {[%clk 0:49:05]} 17. e3 {[%clk 0:44:44]} Bd5 {[%clk 0:47:27]} 18. c3 {[%clk
0:43:42]} bxc3 {[%clk 0:30:50]} 19. Bxc3 {[%clk 0:44:04]} Rfb8 {[%clk 0:27:38]}
20. Rc1 {[%clk 0:41:27]} Qb6 {[%clk 0:25:59]} 21. Na5 {[%clk 0:35:37]} Nf6 {[%clk
0:21:35]} 22. Qe2 {[%clk 0:27:43]} Rc8 {[%clk 0:21:07]} 23. Qd2 {[%clk 0:25:12]}
Rab8 {[%clk 0:20:01]} 24. Nc2 {[%clk 0:24:43]} Rxc3 {[%clk 0:14:41]} 25. Qxc3
{[%clk 0:24:43]} Qxb2 {[%clk 0:15:06]} 26. Qxb2 {[%clk 0:19:05]} Rxb2 {[%clk
0:15:34]} 27. Nd4 {[%clk 0:19:27]} Ng4 {[%clk 0:15:57]} 28. Rc2 {[%clk 0:19:53]}
Rxc2 {[%clk 0:14:56]} 29. Nxc2 {[%clk 0:19:35]} Bc7 {[%clk 0:15:23]} 30. h3
{[%clk 0:13:29]} Nf6 {[%clk 0:15:50]} 31. Nd4 {[%clk 0:13:46]} Bxa5 {[%clk
0:16:14]} 32. Kf2 {[%clk 0:14:13]} Bb6 {[%clk 0:14:33]} 33. Rd1 {[%clk 0:14:16]}
g6 {[%clk 0:13:48]} 34. Rd2 {[%clk 0:12:24]} Bc4 {[%clk 0:12:39]} 0-1

[Event "European Women's Championship"]
[Site "Vysoke Tatry"]
[Date "2018.04.18"]
[Round "10"]
[White "Eric, Jovana"]
[Black "Kovanova, Baira"]
[Result "1/2-1/2"]
[Board "26"]
[WhiteElo "2300"]
[WhiteTitle "WIM"]
[WhiteCountry "SRB"]
[WhiteFideId "938238"]
[WhiteEloChange "2"]
[BlackElo "2368"]
[BlackTitle "WGM"]
[BlackCountry "RUS"]
[BlackFideId "4164083"]
[BlackEloChange "-2"]

1. e4 {[%clk 1:30:57]} e5 {[%clk 1:30:57]} 2. Nf3 {[%clk 1:31:22]} Nc6 {[%clk
1:31:23]} 3. d3 {[%clk 1:31:43]} Nf6 {[%clk 1:30:54]} 4. c3 {[%clk 1:32:00]} d5
{[%clk 1:29:43]} 5. Nbd2 {[%clk 1:32:09]} g6 {[%clk 1:25:41]} 6. Be2 {[%clk
1:30:16]} Bg7 {[%clk 1:25:55]} 7. O-O {[%clk 1:30:29]} a5 {[%clk 1:24:22]} 8. a4
{[%clk 1:29:08]} O-O {[%clk 1:19:55]} 9. Qc2 {[%clk 1:28:12]} b6 {[%clk 1:16:34]}
10. Re1 {[%clk 1:25:37]} Bb7 {[%clk 1:16:26]} 11. Bf1 {[%clk 1:20:13]} Re8 {[%clk
1:09:01]} 12. exd5 {[%clk 1:11:20]} Nxd5 {[%clk 1:08:29]} 13. Nc4 {[%clk
1:11:29]} h6 {[%clk 1:08:29]} 14. g3 {[%clk 0:56:20]} Qf6 {[%clk 1:00:09]} 15.
Bg2 {[%clk 0:55:27]} Rad8 {[%clk 0:59:09]} 16. Nfd2 {[%clk 0:52:17]} Ba6 {[%clk
0:50:38]} 17. b3 {[%clk 0:43:00]} e4 {[%clk 0:33:05]} 18. Bb2 {[%clk 0:30:56]}
Bxc4 {[%clk 0:20:16]} 19. Nxe4 {[%clk 0:26:51]} Rxe4 {[%clk 0:16:10]} 20. dxe4
{[%clk 0:27:16]} Ndb4 {[%clk 0:03:50]} 21. cxb4 {[%clk 0:26:42]} Qxb2 {[%clk
0:04:13]} 22. Qxc4 {[%clk 0:25:10]} Nxb4 {[%clk 0:04:27]} 23. Rab1 {[%clk
0:24:32]} Qa2 {[%clk 0:03:10]} 24. Rbd1 {[%clk 0:19:32]} Rd2 {[%clk 0:03:28]} 25.
Rxd2 {[%clk 0:19:31]} Qxd2 {[%clk 0:03:56]} 26. Qc1 {[%clk 0:17:43]} Qd6 {[%clk
0:01:58]} 27. e5 {[%clk 0:13:55]} Bxe5 {[%clk 0:01:34]} 28. Qxh6 {[%clk 0:14:14]}
Nc2 {[%clk 0:01:01]} 29. Rf1 {[%clk 0:12:27]} Nd4 {[%clk 0:01:12]} 30. Qe3 {[%clk
0:12:35]} Bf6 {[%clk 0:00:44]} 31. Rd1 {[%clk 0:11:12]} Kg7 {[%clk 0:00:56]} 32.
h4 {[%clk 0:10:51]} Qb4 {[%clk 0:01:00]} 33. Bd5 {[%clk 0:09:31]} c6 {[%clk
0:01:27]} 34. Bc4 {[%clk 0:09:35]} b5 {[%clk 0:01:52]} 35. axb5 {[%clk 0:08:58]}
cxb5 {[%clk 0:02:17]} 36. Bd5 {[%clk 0:08:17]} Qc5 {[%clk 0:01:14]} 37. Qe4
{[%clk 0:07:02]} a4 {[%clk 0:01:16]} 38. bxa4 {[%clk 0:07:00]} bxa4 {[%clk
0:01:28]} 39. Rb1 {[%clk 0:06:44]} Nf5 {[%clk 0:01:24]} 40. Kg2 {[%clk 0:32:21]}
Nd6 {[%clk 0:30:37]} 41. Qd3 {[%clk 0:30:21]} Bd4 {[%clk 0:28:24]} 42. Qf3 {[%clk
0:27:22]} Bxf2 {[%clk 0:25:03]} 43. Rf1 {[%clk 0:19:52]} Bd4 {[%clk 0:19:09]} 44.
g4 {[%clk 0:12:09]} f6 {[%clk 0:17:31]} 45. h5 {[%clk 0:11:03]} a3 {[%clk
0:11:03]} 46. Re1 {[%clk 0:07:00]} Be5 {[%clk 0:07:56]} 47. Qd3 {[%clk 0:06:53]}
gxh5 {[%clk 0:06:49]} 48. gxh5 {[%clk 0:07:18]} Nf5 {[%clk 0:06:12]} 49. Bc4
{[%clk 0:04:01]} Ne7 {[%clk 0:02:41]} 50. Qe4 {[%clk 0:02:16]} Qc8 {[%clk
0:00:48]} 51. h6+ {[%clk 0:02:17]} Kh8 {[%clk 0:00:56]} 52. Rd1 {[%clk 0:01:48]}
Nf5 {[%clk 0:00:50]} 53. h7 {[%clk 0:01:26]} Ne3+ {[%clk 0:00:43]} 54. Qxe3
{[%clk 0:01:25]} Qg4+ {[%clk 0:00:51]} 55. Kf2 {[%clk 0:01:33]} Qxd1 {[%clk
0:01:16]} 56. Qe4 {[%clk 0:01:17]} Qd2+ {[%clk 0:00:51]} 57. Kf3 {[%clk 0:01:30]}
Qd1+ {[%clk 0:01:01]} 58. Kf2 {[%clk 0:01:51]} Qd2+ {[%clk 0:00:38]} 59. Kf3
{[%clk 0:02:16]} Qd1+ {[%clk 0:01:02]} 60. Kg2 {[%clk 0:02:22]} Qd2+ {[%clk
0:00:52]} 1/2-1/2

[Event "European Women's Championship"]
[Site "Vysoke Tatry"]
[Date "2018.04.18"]
[Round "10"]
[White "Ovod, Evgenija"]
[Black "Worek, Joanna"]
[Result "1-0"]
[Board "27"]
[WhiteElo "2366"]
[WhiteTitle "IM"]
[WhiteCountry "RUS"]
[WhiteFideId "4131827"]
[WhiteEloChange "8"]
[BlackElo "2295"]
[BlackTitle "WGM"]
[BlackCountry "CZE"]
[BlackFideId "1118080"]
[BlackEloChange "-8"]

1. Nf3 {[%clk 1:30:57]} d5 {[%clk 1:30:25]} 2. c4 {[%clk 1:31:21]} e6 {[%clk
1:29:38]} 3. b3 {[%clk 1:31:43]} c5 {[%clk 1:28:15]} 4. e3 {[%clk 1:31:49]} Nc6
{[%clk 1:27:05]} 5. g3 {[%clk 1:31:59]} Nf6 {[%clk 1:26:13]} 6. Bg2 {[%clk
1:32:21]} Be7 {[%clk 1:21:32]} 7. Bb2 {[%clk 1:30:32]} O-O {[%clk 1:18:47]} 8.
O-O {[%clk 1:30:55]} Re8 {[%clk 1:15:50]} 9. d4 {[%clk 1:10:30]} b6 {[%clk
1:12:48]} 10. Nc3 {[%clk 1:06:57]} Bb7 {[%clk 1:04:18]} 11. cxd5 {[%clk 1:06:33]}
exd5 {[%clk 1:03:45]} 12. dxc5 {[%clk 0:56:24]} bxc5 {[%clk 1:04:04]} 13. Ne2
{[%clk 0:56:50]} a5 {[%clk 0:44:37]} 14. Rc1 {[%clk 0:47:17]} Ne4 {[%clk
0:43:08]} 15. Nf4 {[%clk 0:45:37]} Nb4 {[%clk 0:42:33]} 16. a3 {[%clk 0:45:32]}
Na6 {[%clk 0:42:37]} 17. Qc2 {[%clk 0:34:11]} Bf8 {[%clk 0:36:13]} 18. Rfd1
{[%clk 0:32:57]} a4 {[%clk 0:33:33]} 19. bxa4 {[%clk 0:29:42]} Nc7 {[%clk
0:28:20]} 20. Ne5 {[%clk 0:28:19]} Nf6 {[%clk 0:20:53]} 21. Rb1 {[%clk 0:22:10]}
Rb8 {[%clk 0:15:42]} 22. Ba1 {[%clk 0:18:13]} Ba8 {[%clk 0:15:03]} 23. Rxb8
{[%clk 0:09:01]} Qxb8 {[%clk 0:15:28]} 24. Ned3 {[%clk 0:09:27]} Nd7 {[%clk
0:13:15]} 25. Bh3 {[%clk 0:09:45]} Ne6 {[%clk 0:13:13]} 26. Nxe6 {[%clk 0:04:02]}
fxe6 {[%clk 0:13:37]} 27. Nf4 {[%clk 0:04:28]} Qd6 {[%clk 0:12:42]} 28. Qe2
{[%clk 0:04:38]} Ne5 {[%clk 0:09:16]} 29. Bxe5 {[%clk 0:03:41]} Qxe5 {[%clk
0:09:41]} 30. Qa6 {[%clk 0:03:38]} Kh8 {[%clk 0:07:28]} 31. Bxe6 {[%clk 0:01:57]}
d4 {[%clk 0:06:25]} 32. exd4 {[%clk 0:01:51]} cxd4 {[%clk 0:06:54]} 33. Bh3
{[%clk 0:01:11]} g5 {[%clk 0:04:41]} 34. Ng2 {[%clk 0:01:33]} Bg7 {[%clk
0:01:04]} 35. Qf1 {[%clk 0:00:35]} Rd8 {[%clk 0:00:46]} 36. f4 {[%clk 0:00:36]}
Qc5 {[%clk 0:00:58]} 37. Qd3 {[%clk 0:00:50]} gxf4 {[%clk 0:00:44]} 38. Nxf4
{[%clk 0:01:15]} Re8 {[%clk 0:01:06]} 39. Bg2 {[%clk 0:00:53]} Bxg2 {[%clk
0:01:13]} 40. Nxg2 {[%clk 0:30:47]} Qc3 {[%clk 0:31:00]} 41. Nf4 {[%clk 0:24:02]}
Kg8 {[%clk 0:22:26]} 42. Rb1 {[%clk 0:18:16]} Rc8 {[%clk 0:19:35]} 43. Qe4 {[%clk
0:14:09]} Qc6 {[%clk 0:10:02]} 44. Qf5 {[%clk 0:10:58]} Re8 {[%clk 0:08:31]} 45.
Rf1 {[%clk 0:08:20]} Re5 {[%clk 0:06:49]} 46. Qg4 {[%clk 0:07:30]} Qe4 {[%clk
0:03:35]} 47. Qc8+ {[%clk 0:07:42]} Re8 {[%clk 0:04:04]} 48. Qc4+ {[%clk
0:08:09]} Kh8 {[%clk 0:04:24]} 49. Qd3 {[%clk 0:03:44]} Qe3+ {[%clk 0:03:21]} 50.
Kg2 {[%clk 0:03:58]} Qe5 {[%clk 0:02:54]} 51. Rf2 {[%clk 0:03:53]} Rc8 {[%clk
0:03:03]} 52. Rc2 {[%clk 0:01:33]} Rb8 {[%clk 0:02:47]} 53. Re2 {[%clk 0:01:25]}
Qd6 {[%clk 0:02:18]} 54. Qc4 {[%clk 0:00:49]} Qd7 {[%clk 0:00:57]} 55. a5 {[%clk
0:00:41]} Qb7+ {[%clk 0:01:01]} 56. Qd5 {[%clk 0:00:38]} Qxd5+ {[%clk 0:01:11]}
57. Nxd5 {[%clk 0:01:07]} Bf8 {[%clk 0:01:18]} 58. a6 {[%clk 0:01:03]} Bxa3
{[%clk 0:00:44]} 59. Nc7 {[%clk 0:01:02]} Bc5 {[%clk 0:01:10]} 60. Re8+ {[%clk
0:01:03]} Rxe8 {[%clk 0:01:35]} 61. Nxe8 {[%clk 0:01:29]} d3 {[%clk 0:01:03]} 62.
Kf3 {[%clk 0:01:54]} 1-0

[Event "European Women's Championship"]
[Site "Vysoke Tatry"]
[Date "2018.04.18"]
[Round "10"]
[White "Mamedjarova, Turkan"]
[Black "Fataliyeva, Ulviyya"]
[Result "1-0"]
[Board "28"]
[WhiteElo "2274"]
[WhiteTitle "WGM"]
[WhiteCountry "AZE"]
[WhiteFideId "13402005"]
[WhiteEloChange "12"]
[BlackElo "2361"]
[BlackTitle "WGM"]
[BlackCountry "AZE"]
[BlackFideId "13403052"]
[BlackEloChange "-12"]

1. e4 {[%clk 1:30:48]} e6 {[%clk 1:30:59]} 2. Qe2 {[%clk 1:31:06]} c5 {[%clk
1:31:24]} 3. g3 {[%clk 1:31:20]} Nc6 {[%clk 1:31:53]} 4. Nf3 {[%clk 1:30:30]} g6
{[%clk 1:32:21]} 5. Bg2 {[%clk 1:30:51]} Bg7 {[%clk 1:32:50]} 6. O-O {[%clk
1:30:45]} Nge7 {[%clk 1:33:18]} 7. c3 {[%clk 1:31:01]} O-O {[%clk 1:33:30]} 8.
Rd1 {[%clk 1:31:17]} d5 {[%clk 1:33:31]} 9. d3 {[%clk 1:30:59]} b6 {[%clk
1:33:26]} 10. e5 {[%clk 1:29:46]} Bb7 {[%clk 1:28:17]} 11. Bf4 {[%clk 1:23:05]}
b5 {[%clk 1:27:50]} 12. Nbd2 {[%clk 1:19:02]} Qc7 {[%clk 1:24:24]} 13. d4 {[%clk
1:05:03]} cxd4 {[%clk 1:17:10]} 14. cxd4 {[%clk 1:03:17]} b4 {[%clk 1:17:02]} 15.
Nb3 {[%clk 1:01:16]} a5 {[%clk 1:16:50]} 16. Qd2 {[%clk 1:00:12]} Rfc8 {[%clk
1:10:17]} 17. h4 {[%clk 0:53:38]} a4 {[%clk 1:08:01]} 18. Nc1 {[%clk 0:41:42]}
Qb6 {[%clk 1:07:56]} 19. Bh3 {[%clk 0:40:09]} Na5 {[%clk 1:07:50]} 20. Bh6 {[%clk
0:39:13]} Bh8 {[%clk 0:56:56]} 21. Bg5 {[%clk 0:34:03]} Rc7 {[%clk 0:51:58]} 22.
Nd3 {[%clk 0:25:48]} Nec6 {[%clk 0:47:15]} 23. Qf4 {[%clk 0:21:35]} Bg7 {[%clk
0:47:30]} 24. h5 {[%clk 0:18:14]} Re8 {[%clk 0:46:00]} 25. Bf6 {[%clk 0:17:10]}
Bf8 {[%clk 0:43:54]} 26. Rac1 {[%clk 0:12:13]} b3 {[%clk 0:36:56]} 27. a3 {[%clk
0:11:38]} Nc4 {[%clk 0:37:06]} 28. Kg2 {[%clk 0:10:51]} Bc8 {[%clk 0:30:22]} 29.
Rh1 {[%clk 0:11:02]} Ra7 {[%clk 0:29:38]} 30. Bg4 {[%clk 0:08:49]} Ba6 {[%clk
0:20:59]} 31. Rcd1 {[%clk 0:05:58]} Bc8 {[%clk 0:14:46]} 32. Rh2 {[%clk 0:05:26]}
Rc7 {[%clk 0:14:41]} 33. Rdh1 {[%clk 0:05:15]} Qa7 {[%clk 0:14:47]} 34. hxg6
{[%clk 0:04:25]} fxg6 {[%clk 0:15:12]} 35. Qg5 {[%clk 0:04:30]} Ree7 {[%clk
0:12:00]} 36. Bxe7 {[%clk 0:03:37]} Rxe7 {[%clk 0:12:23]} 37. Nf4 {[%clk
0:03:16]} Rg7 {[%clk 0:10:46]} 38. Bxe6+ {[%clk 0:02:49]} Bxe6 {[%clk 0:11:10]}
39. Nxe6 {[%clk 0:03:17]} Re7 {[%clk 0:09:59]} 40. Nxf8 {[%clk 0:33:14]} Kxf8
{[%clk 0:40:07]} 41. Qf6+ {[%clk 0:33:26]} 1-0

[Event "European Women's Championship"]
[Site "Vysoke Tatry"]
[Date "2018.04.18"]
[Round "10"]
[White "Velikic, Adela"]
[Black "Mamedjarova, Zeinab"]
[Result "0-1"]
[Board "29"]
[WhiteElo "2241"]
[WhiteTitle "WIM"]
[WhiteCountry "SRB"]
[WhiteFideId "913553"]
[WhiteEloChange "-7"]
[BlackElo "2355"]
[BlackTitle "WGM"]
[BlackCountry "AZE"]
[BlackFideId "13401521"]
[BlackEloChange "7"]

1. e4 {[%clk 1:30:57]} e5 {[%clk 1:30:12]} 2. Nf3 {[%clk 1:31:19]} d6 {[%clk
1:30:22]} 3. d4 {[%clk 1:31:37]} exd4 {[%clk 1:29:59]} 4. Nxd4 {[%clk 1:31:58]}
Nf6 {[%clk 1:30:25]} 5. Nc3 {[%clk 1:32:23]} Be7 {[%clk 1:30:52]} 6. Bf4 {[%clk
1:32:44]} O-O {[%clk 1:31:16]} 7. Qd2 {[%clk 1:33:08]} Nc6 {[%clk 1:20:15]} 8.
Nxc6 {[%clk 1:29:51]} bxc6 {[%clk 1:20:42]} 9. O-O-O {[%clk 1:21:05]} Be6 {[%clk
1:15:54]} 10. f3 {[%clk 1:15:18]} a5 {[%clk 1:14:29]} 11. e5 {[%clk 0:45:29]} Nd5
{[%clk 0:59:36]} 12. exd6 {[%clk 0:42:28]} Bxd6 {[%clk 0:50:05]} 13. Bxd6 {[%clk
0:42:06]} Qxd6 {[%clk 0:49:40]} 14. Ne4 {[%clk 0:38:37]} Qe7 {[%clk 0:47:05]} 15.
a3 {[%clk 0:33:57]} Rfb8 {[%clk 0:40:32]} 16. Qd4 {[%clk 0:27:05]} a4 {[%clk
0:31:55]} 17. Qc5 {[%clk 0:19:02]} Qe8 {[%clk 0:30:33]} 18. Bd3 {[%clk 0:09:52]}
Bf5 {[%clk 0:23:34]} 19. c4 {[%clk 0:02:06]} Rxb2 {[%clk 0:05:22]} 20. cxd5
{[%clk 0:01:03]} Qb8 {[%clk 0:02:19]} 21. Qc3 {[%clk 0:00:39]} Rb3 {[%clk
0:02:26]} 22. Qa1 {[%clk 0:00:42]} Ra5 {[%clk 0:02:46]} 23. Bc2 {[%clk 0:00:37]}
Rb6 {[%clk 0:00:35]} 24. Qc3 {[%clk 0:00:36]} Rab5 {[%clk 0:00:33]} 25. dxc6
{[%clk 0:00:49]} h6 {[%clk 0:00:44]} 26. Qd3 {[%clk 0:00:40]} Kh7 {[%clk
0:00:58]} 27. g4 {[%clk 0:00:45]} Bg6 {[%clk 0:01:08]} 28. f4 {[%clk 0:00:57]}
Rxc6 {[%clk 0:00:32]} 29. f5 {[%clk 0:01:03]} Rb2 {[%clk 0:00:35]} 30. fxg6+
{[%clk 0:00:59]} fxg6 {[%clk 0:01:05]} 31. Nc3 {[%clk 0:00:43]} Rb3 {[%clk
0:01:17]} 32. Qd8 {[%clk 0:00:34]} Qb6 {[%clk 0:00:56]} 33. Qd4 {[%clk 0:00:43]}
Rbxc3 {[%clk 0:01:04]} 34. Qxb6 {[%clk 0:00:39]} Rxc2+ {[%clk 0:01:29]} 35. Kb1
{[%clk 0:01:07]} cxb6 {[%clk 0:01:56]} 36. Rd4 {[%clk 0:00:51]} R6c4 {[%clk
0:01:02]} 37. Rxc4 {[%clk 0:00:46]} Rxc4 {[%clk 0:01:28]} 38. h3 {[%clk 0:01:05]}
Rc3 {[%clk 0:01:39]} 39. Ka2 {[%clk 0:30:39]} g5 {[%clk 0:01:16]} 40. Rh2 {[%clk
0:29:43]} Rb3 {[%clk 0:01:16]} 41. Rb2 {[%clk 0:26:34]} Rxh3 {[%clk 0:25:03]} 42.
Rxb6 {[%clk 0:26:58]} Rh2+ {[%clk 0:18:11]} 43. Kb1 {[%clk 0:26:55]} Rh4 {[%clk
0:17:28]} 44. Rb4 {[%clk 0:26:26]} h5 {[%clk 0:17:08]} 45. Rxa4 {[%clk 0:25:58]}
Rxg4 {[%clk 0:17:21]} 46. Ra6 {[%clk 0:24:38]} h4 {[%clk 0:17:30]} 0-1

[Event "European Women's Championship"]
[Site "Vysoke Tatry"]
[Date "2018.04.18"]
[Round "10"]
[White "Mrvova, Alena"]
[Black "Gara, Ticia"]
[Result "0-1"]
[Board "30"]
[WhiteElo "2179"]
[WhiteTitle "WIM"]
[WhiteCountry "SVK"]
[WhiteFideId "14902036"]
[WhiteEloChange "-6"]
[BlackElo "2330"]
[BlackTitle "WGM"]
[BlackCountry "HUN"]
[BlackFideId "717444"]
[BlackEloChange "6"]

1. e4 {[%clk 1:30:56]} c5 {[%clk 1:30:54]} 2. Nf3 {[%clk 1:31:07]} Nc6 {[%clk
1:31:07]} 3. d4 {[%clk 1:31:09]} cxd4 {[%clk 1:31:32]} 4. Nxd4 {[%clk 1:31:33]}
Nf6 {[%clk 1:31:37]} 5. Nc3 {[%clk 1:31:53]} d6 {[%clk 1:32:02]} 6. g3 {[%clk
1:31:30]} g6 {[%clk 1:31:49]} 7. Nde2 {[%clk 1:31:35]} Bg7 {[%clk 1:31:50]} 8.
Bg2 {[%clk 1:31:55]} O-O {[%clk 1:31:58]} 9. O-O {[%clk 1:32:15]} a6 {[%clk
1:29:35]} 10. a4 {[%clk 1:31:34]} Qc7 {[%clk 1:29:42]} 11. Nd5 {[%clk 1:27:45]}
Nxd5 {[%clk 1:29:16]} 12. exd5 {[%clk 1:28:07]} Ne5 {[%clk 1:28:12]} 13. h3
{[%clk 1:24:05]} Nc4 {[%clk 1:24:42]} 14. c3 {[%clk 1:22:54]} Bd7 {[%clk
1:23:22]} 15. Nd4 {[%clk 1:18:59]} e5 {[%clk 0:58:42]} 16. dxe6 {[%clk 1:08:16]}
fxe6 {[%clk 0:59:05]} 17. Qg4 {[%clk 1:07:28]} Rae8 {[%clk 0:57:18]} 18. Qe2
{[%clk 1:04:26]} e5 {[%clk 0:52:07]} 19. Nc2 {[%clk 1:00:32]} e4 {[%clk 0:41:50]}
20. Ne3 {[%clk 0:56:05]} Ne5 {[%clk 0:41:15]} 21. Bxe4 {[%clk 0:51:43]} Bxh3
{[%clk 0:41:12]} 22. Rd1 {[%clk 0:49:50]} Kh8 {[%clk 0:37:36]} 23. f4 {[%clk
0:37:25]} Bg4 {[%clk 0:27:43]} 24. Nxg4 {[%clk 0:34:16]} Nxg4 {[%clk 0:28:09]}
25. Kg2 {[%clk 0:27:59]} Nf6 {[%clk 0:26:40]} 26. Bf3 {[%clk 0:26:39]} Rxe2+
{[%clk 0:26:47]} 27. Bxe2 {[%clk 0:27:05]} Re8 {[%clk 0:26:14]} 28. Bf3 {[%clk
0:26:38]} Qc4 {[%clk 0:22:09]} 29. Rd4 {[%clk 0:26:33]} Qb3 {[%clk 0:20:06]} 30.
Rxd6 {[%clk 0:18:45]} Ne4 {[%clk 0:18:49]} 31. Bxe4 {[%clk 0:13:51]} Rxe4 {[%clk
0:18:46]} 32. Rd8+ {[%clk 0:13:49]} Bf8 {[%clk 0:19:12]} 33. Rxf8+ {[%clk
0:14:16]} Kg7 {[%clk 0:19:38]} 34. Rd8 {[%clk 0:14:39]} Re2+ {[%clk 0:14:03]} 35.
Kf3 {[%clk 0:14:40]} Qe6 {[%clk 0:12:15]} 36. Rd4 {[%clk 0:11:17]} Re1 {[%clk
0:11:51]} 37. f5 {[%clk 0:08:22]} Qe2+ {[%clk 0:11:04]} 38. Kf4 {[%clk 0:08:46]}
Rf1+ {[%clk 0:11:13]} 0-1

[Event "European Women's Championship"]
[Site "Vysoke Tatry"]
[Date "2018.04.18"]
[Round "10"]
[White "Rapport, Jovana"]
[Black "Stetsko, Lanita"]
[Result "1/2-1/2"]
[Board "31"]
[WhiteElo "2328"]
[WhiteTitle "WGM"]
[WhiteCountry "SRB"]
[WhiteFideId "937266"]
[WhiteEloChange "-4"]
[BlackElo "2164"]
[BlackTitle "FM"]
[BlackCountry "BLR"]
[BlackFideId "13505300"]
[BlackEloChange "4"]

1. c4 {[%clk 1:30:57]} e6 {[%clk 1:30:26]} 2. g3 {[%clk 1:31:12]} d5 {[%clk
1:30:40]} 3. Bg2 {[%clk 1:31:26]} Nf6 {[%clk 1:30:58]} 4. Nf3 {[%clk 1:31:47]}
dxc4 {[%clk 1:30:18]} 5. Qa4+ {[%clk 1:31:45]} Nbd7 {[%clk 1:30:26]} 6. Qxc4
{[%clk 1:32:06]} c5 {[%clk 1:30:02]} 7. d3 {[%clk 1:32:30]} Bd6 {[%clk 1:27:01]}
8. a4 {[%clk 1:29:53]} Bc7 {[%clk 1:14:29]} 9. Bd2 {[%clk 1:25:18]} b6 {[%clk
1:09:26]} 10. Nd4 {[%clk 0:45:59]} Ne5 {[%clk 1:09:03]} 11. Qc2 {[%clk 0:45:37]}
Nd5 {[%clk 1:04:00]} 12. Nb5 {[%clk 0:45:43]} Bb7 {[%clk 0:56:31]} 13. Nxc7+
{[%clk 0:44:50]} Qxc7 {[%clk 0:56:56]} 14. O-O {[%clk 0:40:56]} Rc8 {[%clk
0:53:07]} 15. a5 {[%clk 0:35:32]} O-O {[%clk 0:47:56]} 16. axb6 {[%clk 0:34:44]}
axb6 {[%clk 0:48:20]} 17. Rc1 {[%clk 0:34:00]} Nc6 {[%clk 0:47:00]} 18. Qd1
{[%clk 0:33:30]} Ra8 {[%clk 0:36:39]} 19. Na3 {[%clk 0:33:23]} Qd7 {[%clk
0:35:55]} 20. Nc4 {[%clk 0:30:51]} Rxa1 {[%clk 0:35:50]} 21. Rxa1 {[%clk
0:31:16]} b5 {[%clk 0:33:03]} 22. Na5 {[%clk 0:30:29]} Nxa5 {[%clk 0:33:15]} 23.
Rxa5 {[%clk 0:30:51]} Ra8 {[%clk 0:29:15]} 24. Qa1 {[%clk 0:25:44]} Rxa5 {[%clk
0:28:58]} 25. Qxa5 {[%clk 0:26:09]} h6 {[%clk 0:29:08]} 26. Qa7 {[%clk 0:25:13]}
c4 {[%clk 0:22:34]} 27. Qd4 {[%clk 0:18:50]} Qc7 {[%clk 0:20:07]} 28. dxc4 {[%clk
0:17:54]} bxc4 {[%clk 0:20:00]} 29. h3 {[%clk 0:17:54]} e5 {[%clk 0:05:58]} 30.
Qa7 {[%clk 0:15:14]} Qc8 {[%clk 0:05:29]} 31. Kh2 {[%clk 0:14:56]} f5 {[%clk
0:03:11]} 32. Bxd5+ {[%clk 0:10:22]} Bxd5 {[%clk 0:03:36]} 33. Bc3 {[%clk
0:10:50]} Qb7 {[%clk 0:01:28]} 34. Qxb7 {[%clk 0:10:23]} Bxb7 {[%clk 0:01:56]}
35. Bxe5 {[%clk 0:10:48]} h5 {[%clk 0:00:58]} 36. h4 {[%clk 0:10:52]} Kf7 {[%clk
0:01:03]} 37. f3 {[%clk 0:11:15]} g6 {[%clk 0:01:28]} 38. Kg2 {[%clk 0:11:41]}
Ke6 {[%clk 0:01:16]} 39. Bc3 {[%clk 0:12:07]} Bc6 {[%clk 0:00:49]} 40. Kf2 {[%clk
0:42:33]} Ba4 {[%clk 0:30:39]} 41. Ke3 {[%clk 0:42:15]} Bd1 {[%clk 0:29:12]} 42.
Kd2 {[%clk 0:41:40]} Bb3 {[%clk 0:28:43]} 43. e4 {[%clk 0:30:57]} fxe4 {[%clk
0:28:52]} 44. fxe4 {[%clk 0:31:22]} Ba2 {[%clk 0:28:25]} 45. Ke3 {[%clk 0:31:07]}
Bb3 {[%clk 0:28:39]} 46. Kf4 {[%clk 0:30:48]} Bc2 {[%clk 0:29:02]} 47. Bh8 {[%clk
0:31:02]} Bb1 {[%clk 0:29:16]} 48. Ke3 {[%clk 0:31:19]} Bc2 {[%clk 0:29:16]} 49.
Bg7 {[%clk 0:31:20]} Bb1 {[%clk 0:29:26]} 50. Bh6 {[%clk 0:31:44]} Bc2 {[%clk
0:29:48]} 51. Bf4 {[%clk 0:32:10]} Bb1 {[%clk 0:30:06]} 52. Kd4 {[%clk 0:32:36]}
Ba2 {[%clk 0:30:16]} 53. Kc5 {[%clk 0:33:02]} Bb3 {[%clk 0:30:34]} 54. Kb4 {[%clk
0:30:04]} Ba2 {[%clk 0:30:56]} 55. Ka3 {[%clk 0:30:18]} Bb1 {[%clk 0:30:35]} 56.
Kb4 {[%clk 0:30:41]} Ba2 {[%clk 0:31:02]} 57. Bc7 {[%clk 0:31:04]} Bb3 {[%clk
0:31:26]} 58. Bb8 {[%clk 0:31:13]} Ba2 {[%clk 0:31:51]} 59. Ka3 {[%clk 0:31:01]}
Bb3 {[%clk 0:32:19]} 60. Bc7 {[%clk 0:30:31]} Bc2 {[%clk 0:32:45]} 1/2-1/2